Guess The Rainbow Six Siege Operator From Ability - Statistics

General Stats
  • This quiz has been taken 393 times
  • The average score is 51 of 73
Answer Stats
Ability Answer % Correct
Breaching Hammer Sledge
97%
Breach Shield Blackbeard
95%
Signal Disruptor Mute
92%
Remote Gas Grenade Smoke
92%
Breaching Rounds Ash
91%
Stim Pistol Doc
91%
Armour Pack Rook
90%
Exothermic Charge Thermite
89%
EMP Grenade Thatcher
88%
Heartbeat Sensor Pulse
87%
Shock Drone Twitch
87%
G52-Tactical Shield Blitz
85%
Welcome Mat Frost
84%
Cluster Charge Fuze
84%
Thermal Flip Scope Glaz
83%
Skeleton Key Buck
82%
Grenade Launcher Tachanka
82%
Electronics Detector IQ
80%
EDD Booby Trap Kapkan
80%
Gu Lesion
80%
Adrenal Surge FInka
79%
Black Eye Cameras Valkyrie
79%
Shock Wire Bandit
78%
Black Mirror Mira
78%
Extendable Shield Montagne
78%
EE-One-D Lion
77%
Gadget Kit Striker
77%
Amour Panel Castle
75%
Breaching Torch Maverick
74%
Tactical Crossbow Capitao
73%
S.E.L.M.A. Aqua Breacher Ace
72%
Silent Step Caveira
72%
Grzmot Mine Ela
72%
Candela Device Ying
72%
Yokai Echo
71%
X-Kairos Hibana
71%
Glance Smart Glasses Warden
70%
Airjab Launcher Nomad
69%
Rtila Electroclaw Kaid
68%
Kiba Barrier Azami
66%
Deathmark Deimos
66%
Volcan Canister Goyo
66%
Prisma Alibi
65%
Surya Laser Gate Aruni
65%
Garra Hook Amaru
64%
CCE Shield Clash
64%
Eyeknox Model III Jackal
64%
Magpie Defense System Jager
64%
Razerbloom Shell Thorn
64%
Kawan Hive Launcher Grim
63%
Remah Dash Oryx
63%
Pest Launcher Mozzie
62%
Kona Station Thunderbird
62%
Logic Bomb Dokkaebi
60%
Mag-Net Wamai
60%
KS79 Lifeline Zofia
60%
Banshee Sonic Defense Melusi
59%
ERC-7 Vigil
58%
F-Natt Dread Mine Fenrir
57%
Talon-8 Clear Shield Osa
57%
Kludge Drone Brava
56%
Trax Stingers Gridlock
56%
Gemini Replicator Iana
56%
Bu-Gi Auto Breacher Ram
55%
LV Explosive Lance Kali
53%
Argus Launcher Zero
53%
Hel Presence Reduction Nokk
49%
V10 Pantheon Shells Skopos
49%
Cle-V Maestro
46%
RCE-Ratero Charge Flores
44%
Spec-IO Electro Sensor Solis
43%
Zoto Canister Tubarao
39%
R.O.U. Projecter System Sens
37%
No matching quizzes found
Score Distribution
Percent of People with Each Score
Percentile by Number Answered
Your Score History
You have not taken this quiz